000 00556nam a2200193Ia 4500
005 20250508161831.0
008 008 250505s9999 xx 000 0 eng d
037 _aDissertations
040 _aFEDL
_beng
_cFEDL
041 _aeng
_2eng
084 _a371.92, SUR/DI
_qFEDL
100 _aSurinder Kumar
245 0 _aCase studies of some severely educationally retarded children
260 _c1976
300 _a83p.
546 _aM. Ed. Dissertation (Delhi University)
942 _cDIS
_h371.92, SUR/DI
999 _c1372541
_d1372541